000 00458nam a2200157Ia 4500
008 231217s9999 xx 000 0 und d
041 _aEnglish
082 _a001.6424BOR PAR`R'
100 _aParikh, Riku. Jalan, Anup. Desai, Soham.
245 0 _a186 ready to run programs for Borland C++ 3.1 under Windows 3.1 (Vijay Mukhi's
250 _a1st ed.
260 _c1993
_bVision bk publ, Delhi
300 _a623
650 _aBorland C++
942 _cAA
999 _c163348
_d163348